01220nam a2200265 i 4500001000700000003000700007005001700014008004100031080002500072080002900097100003900126245008900165260010900254300004000363490005000403504003100453598007300484650004000557710006300597710005300660830005800713852004100771999001900812952012300831186965SpMaBN20230906222802.0170309s1978 sp be |||| | spa d a262.3(460.18)"13/14" a308 : 282(460.18)"13/14"1 aSánchez Herrero, José.910269814aLas diócesis del reino de León b: siglos XIV y XV / cJosé Sánchez Herrero. aLeón : bCentro de Estudios e Investigación "San Isidoro" : bArchivo Histórico Diocesano, c1978. a513 p. : bmapas, planos ; c24 cm.1 aFuentes y estudios de historia leonesa ; v20 aBibliografía : p. 14-26. aCol. patrocinada y dir. por Archivo Histórico Diocesano de León. 4aDiócesis-zLeón (Reino)91620392 aCentro de Estudios e Investigación "San Isidoro"91342422 aArchivo Histórico Diocesano de León.91442371 aFuentes y estudios de historia leonesa ; v209192719 aES-MaACLjL-31210 z- Enc. guaflex c186965d186965 00104070aATENEOMbATENEOMcDEPO2d2017-03-09eDONl0oL-31210p1197223r2023-02-23 00:00:00w2023-02-23yMONOGRAFIA